000
00277nam a2200121Ia 4500
008
190216s9999||||xx |||||||||||||| ||und||
100
_a
Edgar Wallace
245
4
_a
The Fourth Plague
260
_b
Ward Lock Pub
_c
1976
300
_a
190
650
_a
English Novel
942
_c
BK
999
_c
12492
_d
12492